| 000 | 00572nmm a2200229 a 4500 | ||
|---|---|---|---|
| 003 | AR-BaBNM | ||
| 005 | 20251128205123.0 | ||
| 008 | 276019s1987 ||||||||||||||000 | spa|| | ||
| 020 | _a950-21-0908-2 | ||
| 040 | _cAR-BaBNM | ||
| 100 | 1 | _aPickenhayn, Jorge Oscar | |
| 245 | 1 | 0 |
_aCronologĂa de Jorge Luis Borges _b1889-1986 |
| 260 |
_aBuenos Aires _bPlus Ultra _c1987 |
||
| 300 | 0 | _a38 p. | |
| 650 | 4 | _aLITERATURA ARGENTINA | |
| 650 | 4 | _aVIDA LITERARIA | |
| 650 | 4 | _aBIOGRAFIAS | |
| 650 | 4 | _aCRONOLOGIA | |
| 655 | _aBIOGRAFIAS | ||
| 942 | _cBK | ||
| 998 | _cisola | ||
| 999 |
_c10066 _d10066 |
||